[Event "CRO Cup"]
[Site "Mali Losinj"]
[Date "2025.05.15"]
[Round "3.2"]
[White "Kollars, Dmitrij"]
[Black "Muskardin, Mario"]
[Result "1-0"]
[WhiteElo "2625"]
[BlackElo "2369"]
[PlyCount "85"]
[EventDate "2025.05.14"]
[EventType "team-tourn"]
[EventRounds "6"]
[EventCountry "CRO"]
[SourceTitle "CB21_2025"]
[SourceDate "2025.05.21"]
[SourceVersion "1"]
[SourceVersionDate "2025.05.21"]
[SourceQuality "1"]
[WhiteTeam "Split Mornar"]
[BlackTeam "Sveta Nedelja"]
[WhiteTeamCountry "CRO"]
[BlackTeamCountry "CRO"]

1. e4 c5 2. Nf3 Nc6 3. d4 cxd4 4. Nxd4 g6 5. c4 Bg7 6. Be3 Nf6 7. Nc3 d6 8. Be2 Bd7 9. 0-0 Nxd4 10. Bxd4 Bc6 11. Qc2 0-0 12. Rad1 Nd7 13. Bxg7 Kxg7 14. b4 b6 15. Rd3 a5 16. a3 Qc7 17. Qd2 Nf6 18. Re3 axb4 19. axb4 Rfc8 20. f4 b5 21. cxb5 Bb7 22. e5 dxe5 23. fxe5 Nd7 24. e6 Nf6 25. exf7 Qb6 26. Kh1 Rd8 27. Bd3 Qd6 28. Rh3 h5 29. Qg5 Nh7 30. Qe3 Nf6 31. Rg3 Ng4 32. Qg5 Ra3 33. Qc1 Raa8 34. Ne4 Qd4 35. Nc5 Bd5 36. Qg5 Rd6 37. h3 Ne5 38. Qxe7 Rf8 39. Be4 Bc4 40. Rf4 Rxf7 41. Rxf7+ Bxf7 42. Rg5 Nc4 43. Bxg6 1-0

[Event "CRO-chT1A 32nd"]
[Site "Veli Losinj"]
[Date "2024.10.10"]
[Round "6.6"]
[White "Petrusic, Toni"]
[Black "Muskardin, Mario"]
[Result "0-1"]
[WhiteElo "2229"]
[BlackElo "2385"]
[PlyCount "104"]
[EventDate "2024.10.05"]
[EventType "team-tourn"]
[EventRounds "9"]
[EventCountry "CRO"]
[SourceTitle "CB47_2024"]
[SourceDate "2024.11.20"]
[SourceVersion "1"]
[SourceVersionDate "2024.11.20"]
[SourceQuality "1"]
[WhiteTeam "Bibinje Goran"]
[BlackTeam "Sveta Nedelja"]
[WhiteTeamCountry "CRO"]
[BlackTeamCountry "CRO"]

1. c4 Nf6 2. Nc3 e6 3. e4 d5 4. e5 d4 5. exf6 dxc3 6. bxc3 Qxf6 7. d4 c5 8. Nf3 h6 9. Be2 cxd4 10. cxd4 Bb4+ 11. Kf1 0-0 12. Bb2 Rd8 13. Qb3 Bf8 14. Bd3 Nd7 15. Bc2 b6 16. d5 e5 17. Qd3 g6 18. Nd2 Ba6 19. Kg1 Rac8 20. h4 b5 21. h5 bxc4 22. Qc3 g5 23. Ne4 Qe7 24. Qf3 Rb8 25. Bc1 Bb7 26. Qf5 f6 27. f4 exf4 28. Bb2 Bc8 29. Bc3 Bg7 30. d6 Qf7 31. Qa5 Nb6 32. Rd1 Bg4 33. Rd2 f5 34. Bxg7 Qxg7 35. Nf2 Rf8 36. Kh2 Rbe8 37. Nxg4 fxg4 38. Rf1 g3+ 39. Kg1 Qe5 40. Qxa7 Qe3+ 41. Kh1 Rf7 42. d7 Nxd7 43. Qd4 Qxd4 44. Rxd4 Ne5 45. a4 Rfe7 46. Kg1 Ng4 47. Bg6 Rb8 48. Rc1 Rb2 49. Rdxc4 Ne3 50. Rc8+ Kg7 51. Be4 Rxe4 52. R1c7+ Kf6 0-1

[Event "CRO-chT1A 32nd"]
[Site "Veli Losinj"]
[Date "2024.10.05"]
[Round "1.6"]
[White "Tomulic, Teo"]
[Black "Muskardin, Mario"]
[Result "1-0"]
[WhiteElo "2346"]
[BlackElo "2385"]
[PlyCount "45"]
[EventDate "2024.10.05"]
[EventType "team-tourn"]
[EventRounds "9"]
[EventCountry "CRO"]
[SourceTitle "CB47_2024"]
[SourceDate "2024.11.20"]
[SourceVersion "1"]
[SourceVersionDate "2024.11.20"]
[SourceQuality "1"]
[WhiteTeam "Zagreb Novi Zagreb"]
[BlackTeam "Sveta Nedelja"]
[WhiteTeamCountry "CRO"]
[BlackTeamCountry "CRO"]

1. e4 d6 2. f4 e5 3. Nf3 exf4 4. d4 g5 5. Bc4 g4 6. 0-0 gxf3 7. Qxf3 Bh6 8. Bxf4 Qf6 9. Qe3 Be6 10. d5 Bc8 11. e5 Bxf4 12. Rxf4 Qe7 13. e6 fxe6 14. dxe6 Nf6 15. Nc3 Kd8 16. Qd4 Rf8 17. Nd5 Nxd5 18. Rxf8+ Qxf8 19. Rf1 Qe8 20. Bxd5 Bxe6 21. Bxb7 Nc6 22. Bxc6 Qxc6 23. Rf8+ 1-0

[Event "CRO Cup"]
[Site "Mali Losinj"]
[Date "2024.05.10"]
[Round "4.11"]
[White "Muskardin, Mario"]
[Black "Djuric, Leon"]
[Result "1-0"]
[WhiteElo "2381"]
[BlackElo "2057"]
[PlyCount "53"]
[EventDate "2024.05.08"]
[EventType "team-swiss"]
[EventRounds "6"]
[EventCountry "CRO"]
[SourceTitle "CBM 220 Extra"]
[Source "ChessBase"]
[SourceDate "2024.07.31"]
[SourceVersion "1"]
[SourceVersionDate "2024.07.31"]
[SourceQuality "1"]
[WhiteTeam "Bestovje Sveta Nedjelja"]
[BlackTeam "Oroslavje"]
[WhiteTeamCountry "CRO"]
[BlackTeamCountry "CRO"]

1. e4 e5 2. Nf3 Nc6 3. Bc4 Nf6 4. d3 Bc5 5. 0-0 d6 6. c3 0-0 7. b4 Bb6 8. Bg5 Be6 9. Nbd2 Kh8 10. a4 a5 11. b5 Ne7 12. Qb3 Nd7 13. d4 Bxc4 14. Nxc4 f6 15. Be3 Nc8 16. Rac1 Qe8 17. Rfd1 exd4 18. cxd4 Qxe4 19. Nxb6 Ncxb6 20. Rxc7 Rab8 21. Bd2 Rfc8 22. Rdc1 Rxc7 23. Rxc7 Ra8 24. Qf7 Re8 25. h3 Re7 26. Qb3 Nc5 27. Rxe7 1-0

[Event "CRO Cup"]
[Site "Mali Losinj"]
[Date "2024.05.08"]
[Round "1.15"]
[White "Mufic, Goran"]
[Black "Muskardin, Mario"]
[Result "1/2-1/2"]
[WhiteElo "2110"]
[BlackElo "2381"]
[PlyCount "72"]
[EventDate "2024.05.08"]
[EventType "team-swiss"]
[EventRounds "6"]
[EventCountry "CRO"]
[SourceTitle "CBM 220 Extra"]
[Source "ChessBase"]
[SourceDate "2024.07.31"]
[SourceVersion "1"]
[SourceVersionDate "2024.07.31"]
[SourceQuality "1"]
[WhiteTeam "Rijeka Junior"]
[BlackTeam "Bestovje Sveta Nedjelja"]
[WhiteTeamCountry "CRO"]
[BlackTeamCountry "CRO"]

1. Nf3 Nf6 2. b3 d6 3. d4 e6 4. Nbd2 b6 5. e4 c5 6. dxc5 bxc5 7. Bb2 Nc6 8. Bb5 Bd7 9. Qe2 Be7 10. e5 Nxe5 11. Nxe5 dxe5 12. Bxe5 0-0 13. Bxd7 Nxd7 14. Bc3 Bf6 15. Bxf6 Qxf6 16. 0-0 Rfd8 17. Nc4 Qc3 18. Rad1 Nf6 19. Rxd8+ Rxd8 20. Rd1 Rd5 21. Rxd5 exd5 22. Qe5 Qb4 23. a3 Qb7 24. Ne3 h6 25. f3 Qa6 26. Nxd5 Nxd5 27. Qxd5 Qxa3 28. Kf2 g6 29. Ke2 Qa6+ 30. Qd3 Qa1 31. Qe3 Qa6+ 32. Kf2 c4 33. Qe8+ Kg7 34. Qe5+ Kg8 35. Qe8+ Kg7 36. Qe5+ Kg8 1/2-1/2

[Event "Titled Tuesday intern op 28th Nov Early"]
[Site "Chess.com INT"]
[Date "2023.11.28"]
[Round "1"]
[White "Muskardin, Mario"]
[Black "Halkias, Stelios"]
[Result "0-1"]
[WhiteElo "2380"]
[BlackElo "2508"]
[PlyCount "72"]
[EventDate "2023.11.28"]
[EventType "swiss (blitz)"]
[EventRounds "11"]
[EventCountry "USA"]
[SourceTitle "EXT 2025"]
[Source "ChessBase"]
[SourceDate "2024.10.14"]
[SourceVersion "1"]
[SourceVersionDate "2024.10.14"]
[SourceQuality "1"]

1. e4 c5 2. Ne2 d6 3. g3 g6 4. Bg2 Bg7 5. c3 Nf6 6. d4 0-0 7. h3 Qc7 8. Be3 Nbd7 9. 0-0 Rb8 10. f4 e5 11. fxe5 dxe5 12. d5 Ne8 13. a4 Nd6 14. Na3 a6 15. c4 f5 16. Nc3 Nf6 17. Qc2 Nh5 18. Qf2 b6 19. a5 f4 20. axb6 Rxb6 21. Bxc5 Rb7 22. Bxd6 Qxd6 23. c5 Qf6 24. c6 Rb4 25. g4 Ng3 26. Rfd1 h5 27. d6 Be6 28. Nd5 Bxd5 29. Rxd5 hxg4 30. hxg4 Qh4 31. Bf3 Rxe4 32. Re1 Rxe1+ 33. Qxe1 e4 34. Bg2 f3 35. c7 Ne2+ 36. Qxe2 fxe2 0-1

[Event "Titled Tuesday intern op 07th Nov Early"]
[Site "Chess.com INT"]
[Date "2023.11.07"]
[Round "5"]
[White "Pesotskiy, Mikhail"]
[Black "Muskardin, Mario"]
[Result "1/2-1/2"]
[WhiteElo "2143"]
[BlackElo "2380"]
[PlyCount "91"]
[EventDate "2023.11.07"]
[EventType "swiss (blitz)"]
[EventRounds "11"]
[EventCountry "USA"]
[SourceTitle "EXT 2025"]
[Source "ChessBase"]
[SourceDate "2024.10.14"]
[SourceVersion "1"]
[SourceVersionDate "2024.10.14"]
[SourceQuality "1"]

1. d4 Nf6 2. c4 d6 3. Nc3 Nbd7 4. e4 e5 5. d5 Nc5 6. f3 a5 7. Be3 b6 8. Nge2 g6 9. Qd2 Bg7 10. Nc1 0-0 11. g4 Nfd7 12. Nd3 Nxd3+ 13. Bxd3 Nc5 14. Bc2 f5 15. gxf5 gxf5 16. 0-0-0 f4 17. Bf2 Kh8 18. Rhg1 Bf6 19. h4 Bh3 20. Bxc5 bxc5 21. Rh1 Bd7 22. Ba4 Bxa4 23. Nxa4 Rg8 24. Nc3 Rg3 25. Qf2 Qg8 26. Rdg1 Bxh4 27. Ne2 Rxg1+ 28. Qxg1 Qxg1+ 29. Rxg1 Rg8 30. Kd1 Bg3 31. Rh1 Rg5 32. Ng1 h5 33. Nh3 Rg6 34. Ke2 Kg7 35. Kf1 Kf6 36. Ng1 h4 37. Ne2 Rg8 38. Nc3 Rb8 39. Nb5 Rb7 40. a4 Kg5 41. Kg2 Kh5 42. b3 Kg5 43. Rh3 Kh5 44. Rh1 Kg5 45. Rh3 Kh5 46. Rh1 1/2-1/2

[Event "Titled Tuesday intern op 24th Oct Late"]
[Site "Chess.com INT"]
[Date "2023.10.24"]
[Round "2"]
[White "Muskardin, Mario"]
[Black "Amburgy, Ryan"]
[Result "0-1"]
[WhiteElo "2391"]
[BlackElo "2219"]
[PlyCount "94"]
[EventDate "2023.10.24"]
[EventType "swiss (blitz)"]
[EventRounds "11"]
[EventCountry "USA"]
[SourceTitle "CBM 216 Extra"]
[Source "ChessBase"]
[SourceDate "2023.11.30"]
[SourceVersion "1"]
[SourceVersionDate "2023.11.30"]
[SourceQuality "1"]

1. e4 c6 2. Nf3 d5 3. exd5 cxd5 4. c4 Nf6 5. d4 g6 6. Nc3 Bg7 7. cxd5 Nxd5 8. Bc4 Nb6 9. Bb3 0-0 10. h3 Nc6 11. Be3 Na5 12. 0-0 Nxb3 13. Qxb3 Be6 14. d5 Nxd5 15. Rfd1 Nxe3 16. Rxd8 Bxb3 17. Rxf8+ Kxf8 18. axb3 Nc2 19. Ra4 a6 20. Kf1 Rd8 21. Rc4 Nd4 22. Nxd4 Bxd4 23. Rc7 b6 24. Ke2 h5 25. g4 h4 26. f4 Bxc3 27. bxc3 Rd5 28. c4 Ra5 29. Rb7 b5 30. c5 b4 31. c6 Rc5 32. c7 Ke8 33. g5 f6 34. gxf6 exf6 35. Kf3 f5 36. Rxb4 Rxc7 37. Rb6 Rc3+ 38. Kg2 Kf7 39. Rxa6 Rxb3 40. Ra7+ Kg8 41. Rc7 Rg3+ 42. Kh2 Rf3 43. Rc4 Rf2+ 44. Kg1 Ra2 45. Rc7 Ra4 46. Rc6 Kg7 47. Rc7+ Kh6 0-1

[Event "Titled Tuesday intern op 24th Oct Late"]
[Site "Chess.com INT"]
[Date "2023.10.24"]
[Round "3"]
[White "Muskardin, Mario"]
[Black "Mgeladze, Tamaz"]
[Result "0-1"]
[WhiteElo "2391"]
[BlackElo "2388"]
[PlyCount "106"]
[EventDate "2023.10.24"]
[EventType "swiss (blitz)"]
[EventRounds "11"]
[EventCountry "USA"]
[SourceTitle "CBM 216 Extra"]
[Source "ChessBase"]
[SourceDate "2023.11.30"]
[SourceVersion "1"]
[SourceVersionDate "2023.11.30"]
[SourceQuality "1"]

1. e4 c5 2. Ne2 g6 3. g3 Bg7 4. Bg2 Nc6 5. c3 Nf6 6. d4 cxd4 7. cxd4 d6 8. Nbc3 0-0 9. h3 e5 10. Be3 exd4 11. Nxd4 Nxd4 12. Bxd4 Be6 13. 0-0 Qd7 14. Kh2 Rfe8 15. Qf3 Ng4+ 16. hxg4 Bxd4 17. g5 Rac8 18. Rfc1 Rc5 19. Qd3 Bxf2 20. Qd2 Rxc3 21. Qxc3 Qe7 22. Qd2 Bc5 23. b4 Bb6 24. a4 Bd8 25. a5 Qxg5 26. Qxg5 Bxg5 27. Rc7 a6 28. Rxb7 Rc8 29. Rb6 Rc2 30. Rxa6 Bg4 31. Kh1 Bf6 32. Rf1 Be5 33. Ra8+ Kg7 34. Ra7 Be6 35. Rf3 Rc1+ 36. Kh2 h5 37. a6 h4 38. Rb7 hxg3+ 39. Rxg3 Rc3 40. a7 Rxg3 41. Kh1 Ra3 42. b5 Ra1+ 43. Bf1 Rxf1+ 44. Kg2 Ra1 45. b6 d5 46. Rb8 dxe4 47. a8Q Rxa8 48. Rxa8 e3 49. Rd8 e2 50. Kf2 Bg4 51. b7 Bg3+ 52. Kxg3 e1Q+ 53. Kxg4 Qe4+ 0-1

[Event "Titled Tuesday intern op 24th Oct Late"]
[Site "Chess.com INT"]
[Date "2023.10.24"]
[Round "1"]
[White "Schnaider, Ilan"]
[Black "Muskardin, Mario"]
[Result "0-1"]
[WhiteElo "2292"]
[BlackElo "2391"]
[PlyCount "72"]
[EventDate "2023.10.24"]
[EventType "swiss (blitz)"]
[EventRounds "11"]
[EventCountry "USA"]
[SourceTitle "CBM 216 Extra"]
[Source "ChessBase"]
[SourceDate "2023.11.30"]
[SourceVersion "1"]
[SourceVersionDate "2023.11.30"]
[SourceQuality "1"]

1. e4 c6 2. Nc3 d5 3. Nf3 dxe4 4. Nxe4 Nf6 5. Qe2 e6 6. d4 Nxe4 7. Qxe4 Qd5 8. Qh4 Be7 9. Qg3 Bf6 10. Bd3 b6 11. 0-0 Ba6 12. Rd1 0-0 13. Bf4 Bxd3 14. Rxd3 Qc4 15. Rc3 Qb5 16. Rb3 Qe2 17. Rc1 Nd7 18. h4 c5 19. Ne5 Rfd8 20. Re3 Qh5 21. dxc5 Nxc5 22. Bg5 Bxg5 23. hxg5 Rd1+ 24. Re1 Rad8 25. Nf3 R1d5 26. Qc7 R5d7 27. Qc6 h6 28. gxh6 Qxh6 29. Ne5 Rd2 30. Qf3 Qf6 31. Qg3 R8d5 32. Ng4 Qg6 33. Qh3 Rg5 34. Ne3 Rd4 35. Rf1 Re4 36. Rce1 f5 0-1

[Event "CRO-chT1A 31st"]
[Site "Veli Losinj"]
[Date "2023.10.15"]
[Round "5.5"]
[White "Bilobrk, Franjo"]
[Black "Muskardin, Mario"]
[Result "1/2-1/2"]
[WhiteElo "2327"]
[BlackElo "2391"]
[PlyCount "117"]
[EventDate "2023.10.11"]
[EventType "team-tourn"]
[EventRounds "7"]
[EventCountry "CRO"]
[SourceTitle "CBM 216 Extra"]
[Source "ChessBase"]
[SourceDate "2023.11.30"]
[SourceVersion "1"]
[SourceVersionDate "2023.11.30"]
[SourceQuality "1"]
[WhiteTeam "Bibinje Goran"]
[BlackTeam "Sveta Nedelja"]
[WhiteTeamCountry "CRO"]
[BlackTeamCountry "CRO"]

1. Nf3 Nf6 2. c4 e6 3. e3 b6 4. b3 Bb7 5. Bb2 d5 6. Nc3 c5 7. cxd5 Nxd5 8. Bb5+ Bc6 9. 0-0 Be7 10. Bxc6+ Nxc6 11. Nxd5 Qxd5 12. Bxg7 Rg8 13. Bc3 0-0-0 14. Qe2 Rg4 15. Ne1 Rdg8 16. f3 R4g6 17. Rf2 h5 18. Qc4 Qd7 19. Rc1 Kb7 20. Kf1 a6 21. a4 Qd6 22. f4 Bh4 23. g3 Be7 24. Nf3 h4 25. Rg2 hxg3 26. hxg3 Rxg3 27. Rxg3 Rxg3 28. Kf2 Rh3 29. Rg1 Nd8 30. Qe4+ Qd5 31. Qxd5+ exd5 32. Rg7 b5 33. axb5 axb5 34. Ng5 Bxg5 35. fxg5 d4 36. Ba5 Ne6 37. Rxf7+ Kc6 38. g6 Rh6 39. Rf6 Kd5 40. Ke1 Ke5 41. g7 Rh1+ 42. Rf1 Rxf1+ 43. Kxf1 Nxg7 44. exd4+ cxd4 45. Ke2 Ne6 46. Bb6 Nf4+ 47. Kd1 Ke4 48. Kc2 d3+ 49. Kb2 Kf3 50. Be3 Nd5 51. Bg5 Kf2 52. Bh6 Ke2 53. Kc1 Nf6 54. Bg5 Ne4 55. Be3 Ke1 56. Bh6 Ng3 57. Kb2 Ne2 58. Ka3 Kd1 59. Kb2 1/2-1/2

[Event "Titled Tuesday intern op 03rd Oct Early"]
[Site "Chess.com INT"]
[Date "2023.10.03"]
[Round "4"]
[White "Kuzhilniy, Oleksandr"]
[Black "Muskardin, Mario"]
[Result "1-0"]
[WhiteElo "2260"]
[BlackElo "2391"]
[PlyCount "49"]
[EventDate "2023.10.03"]
[EventType "swiss (blitz)"]
[EventRounds "11"]
[EventCountry "USA"]
[SourceTitle "EXT 2025"]
[Source "ChessBase"]
[SourceDate "2024.10.14"]
[SourceVersion "1"]
[SourceVersionDate "2024.10.14"]
[SourceQuality "1"]

1. b3 Nf6 2. Bb2 e6 3. Nf3 d5 4. e3 c5 5. c4 Nc6 6. cxd5 exd5 7. d4 cxd4 8. Nxd4 Bb4+ 9. Bc3 Qa5 10. Bxb4 Qxb4+ 11. Qd2 Nxd4 12. exd4 a5 13. Bd3 0-0 14. 0-0 Ne4 15. Bxe4 dxe4 16. Nc3 Rd8 17. Rad1 Bf5 18. Rfe1 Rac8 19. Re3 Bg4 20. f3 exf3 21. gxf3 Bf5 22. Ne4 Qe7 23. Ng3 Be6 24. Qxa5 Rd5 25. Qxd5 1-0

[Event "Titled Tuesday intern op 03rd Oct Early"]
[Site "Chess.com INT"]
[Date "2023.10.03"]
[Round "7"]
[White "Muskardin, Mario"]
[Black "Belov, Alexei"]
[Result "0-1"]
[WhiteElo "2391"]
[BlackElo "2421"]
[PlyCount "70"]
[EventDate "2023.10.03"]
[EventType "swiss (blitz)"]
[EventRounds "11"]
[EventCountry "USA"]
[SourceTitle "EXT 2025"]
[Source "ChessBase"]
[SourceDate "2024.10.14"]
[SourceVersion "1"]
[SourceVersionDate "2024.10.14"]
[SourceQuality "1"]

1. e4 e6 2. Nf3 d5 3. exd5 exd5 4. d4 Nf6 5. c4 Be7 6. Nc3 0-0 7. Bd3 dxc4 8. Bxc4 Nbd7 9. 0-0 Nb6 10. Bb3 Nbd5 11. Ne5 c6 12. Re1 Be6 13. Bg5 Re8 14. Qf3 Nc7 15. Bc2 Nfd5 16. Bxe7 Qxe7 17. Rad1 Qf6 18. Qh5 g6 19. Qh6 Bf5 20. Ne4 Qg7 21. Qh4 Re6 22. Bb3 Bxe4 23. Rxe4 Rae8 24. Rde1 f6 25. Nd3 Kf8 26. f3 f5 27. Re5 Rxe5 28. Rxe5 Rxe5 29. Nxe5 Qe7 30. Qh6+ Ke8 31. h4 c5 32. Qd2 b5 33. f4 c4 34. Bd1 Qxh4 35. Nf3 Qxf4 0-1

[Event "Titled Tuesday intern op 03rd Oct Early"]
[Site "Chess.com INT"]
[Date "2023.10.03"]
[Round "11"]
[White "Muskardin, Mario"]
[Black "Horak, Martin"]
[Result "1-0"]
[WhiteElo "2391"]
[BlackElo "2338"]
[PlyCount "57"]
[EventDate "2023.10.03"]
[EventType "swiss (blitz)"]
[EventRounds "11"]
[EventCountry "USA"]
[SourceTitle "EXT 2025"]
[Source "ChessBase"]
[SourceDate "2024.10.14"]
[SourceVersion "1"]
[SourceVersionDate "2024.10.14"]
[SourceQuality "1"]

1. e4 c5 2. Ne2 Nc6 3. g3 g6 4. Bg2 Bg7 5. c3 d6 6. d4 cxd4 7. cxd4 Nf6 8. Nbc3 0-0 9. h3 Rb8 10. Be3 Nd7 11. Rc1 a6 12. Qd2 b5 13. Nxb5 axb5 14. Rxc6 Bb7 15. Rc2 Nb6 16. b3 f5 17. d5 fxe4 18. Nf4 Rxf4 19. gxf4 Nxd5 20. Bxe4 Nxe3 21. Qxe3 d5 22. Bd3 d4 23. Qe6+ Kh8 24. 0-0 Bc8 25. Qf7 Bxh3 26. Re1 Bf6 27. f3 Qd6 28. Rh2 Qd7 29. f5 1-0

[Event "Titled Tuesday intern op 03rd Oct Early"]
[Site "Chess.com INT"]
[Date "2023.10.03"]
[Round "10"]
[White "Muskardin, Mario"]
[Black "Kopylov, Michael"]
[Result "0-1"]
[WhiteElo "2391"]
[BlackElo "2371"]
[PlyCount "112"]
[EventDate "2023.10.03"]
[EventType "swiss (blitz)"]
[EventRounds "11"]
[EventCountry "USA"]
[SourceTitle "EXT 2025"]
[Source "ChessBase"]
[SourceDate "2024.10.14"]
[SourceVersion "1"]
[SourceVersionDate "2024.10.14"]
[SourceQuality "1"]

1. e4 Nf6 2. e5 Nd5 3. d4 d6 4. c4 Nb6 5. exd6 cxd6 6. Nc3 g6 7. Bd3 Bg7 8. Nge2 0-0 9. h3 Nc6 10. Be3 Nb4 11. 0-0 Nxd3 12. Qxd3 Bf5 13. Ne4 Nxc4 14. Qxc4 Bxe4 15. d5 Bf5 16. Bd4 Rc8 17. Qb3 Qd7 18. Bxg7 Kxg7 19. Nd4 Rc5 20. Nxf5+ gxf5 21. Rad1 Rfc8 22. Rfe1 R8c7 23. Qg3+ Kh8 24. Qg5 Rc2 25. Rd3 f6 26. Qh6 Qe8 27. Qxf6+ exf6 28. Rxe8+ Kg7 29. Rg3+ Kf7 30. Rh8 f4 31. Rxh7+ Kf8 32. Rh8+ Kf7 33. Rg4 f5 34. Rg5 Kf6 35. h4 Rxb2 36. Re8 Rxa2 37. Re6+ Kf7 38. Rxf5+ Kg7 39. Rxf4 Rd7 40. Rff6 b5 41. Rxd6 Rxd6 42. Rxd6 b4 43. Rd7+ Kf6 44. Rb7 a5 45. h5 Kg5 46. d6 Rd2 47. Rb5+ Kh6 48. Rxa5 b3 49. Rb5 b2 50. d7 Kg7 51. Rxb2 Rxd7 52. Rb5 Kh6 53. g3 Rd3 54. Kg2 Rc3 55. Kh3 Rb3 56. Kg2 Rxb5 0-1

[Event "Titled Tuesday intern op 03rd Oct Early"]
[Site "Chess.com INT"]
[Date "2023.10.03"]
[Round "2"]
[White "Pakleza, Zbigniew"]
[Black "Muskardin, Mario"]
[Result "1-0"]
[WhiteElo "2482"]
[BlackElo "2391"]
[PlyCount "99"]
[EventDate "2023.10.03"]
[EventType "swiss (blitz)"]
[EventRounds "11"]
[EventCountry "USA"]
[SourceTitle "EXT 2025"]
[Source "ChessBase"]
[SourceDate "2024.10.14"]
[SourceVersion "1"]
[SourceVersionDate "2024.10.14"]
[SourceQuality "1"]

1. d4 Nf6 2. Nf3 d6 3. Bf4 Nbd7 4. e3 g6 5. h3 Bg7 6. Be2 0-0 7. 0-0 c6 8. c4 b6 9. Nc3 Qc7 10. Bh2 Bb7 11. Rc1 Rac8 12. b4 e5 13. c5 bxc5 14. bxc5 dxc5 15. dxe5 Nd5 16. e6 Ne5 17. exf7+ Rxf7 18. Ne4 Nxf3+ 19. Bxf3 Be5 20. Bxe5 Qxe5 21. Nxc5 Nc3 22. Qd4 Qxd4 23. exd4 Rxf3 24. gxf3 Ne2+ 25. Kg2 Nxc1 26. Rxc1 Ba8 27. Kg3 Kf7 28. Rc4 Ke7 29. Ra4 Rc7 30. Kf4 Kd6 31. Ra5 Rf7+ 32. Ke3 Re7+ 33. Kd3 Rf7 34. f4 h6 35. Kc4 Re7 36. h4 Rf7 37. Kd3 Rc7 38. Ne4+ Ke6 39. Re5+ Kf7 40. f5 gxf5 41. Rxf5+ Kg6 42. Re5 Bb7 43. h5+ Kg7 44. Nc5 Bc8 45. f4 Bg4 46. Ne6+ Bxe6 47. Rxe6 Rb7 48. Rxc6 Kh7 49. f5 Rf7 50. Ke4 1-0

[Event "AUT-chT2W 2324"]
[Site "Austria"]
[Date "2023.10.01"]
[Round "3.4"]
[White "Blaskowski, Johannes"]
[Black "Muskardin, Mario"]
[Result "0-1"]
[WhiteElo "2250"]
[BlackElo "2391"]
[PlyCount "46"]
[EventDate "2023.09.29"]
[EventType "team-tourn"]
[EventRounds "11"]
[EventCountry "AUT"]
[SourceTitle "CBM 216 Extra"]
[Source "ChessBase"]
[SourceDate "2023.11.30"]
[SourceVersion "1"]
[SourceVersionDate "2023.11.30"]
[SourceQuality "1"]
[WhiteTeam "Kufstein/Woergl"]
[BlackTeam "Absam"]
[WhiteTeamCountry "AUT"]
[BlackTeamCountry "AUT"]

1. e4 c5 2. Nf3 g6 3. d4 cxd4 4. Nxd4 Bg7 5. Nc3 Nc6 6. Be3 Nf6 7. Bc4 0-0 8. Bb3 a5 9. f3 d5 10. Bxd5 Nxd5 11. exd5 Nb4 12. Nde2 e6 13. d6 Ra6 14. Nb5 Bxb2 15. Rb1 Be5 16. c3 Bd7 17. f4 Bxb5 18. fxe5 Nd3+ 19. Kf1 Bc4 20. Rxb7 f6 21. Kg1 fxe5 22. h4 Rxd6 23. Bg5 Nf2 0-1

[Event "Titled Tuesday intern op 19th Sep Early"]
[Site "Chess.com INT"]
[Date "2023.09.19"]
[Round "7"]
[White "Muskardin, Mario"]
[Black "Ginzburg, Yakov"]
[Result "0-1"]
[WhiteElo "2391"]
[BlackElo "2405"]
[PlyCount "84"]
[EventDate "2023.09.19"]
[EventType "swiss (blitz)"]
[EventRounds "11"]
[EventCountry "USA"]
[SourceTitle "EXT 2024"]
[Source "ChessBase"]
[SourceDate "2023.10.10"]
[SourceVersion "1"]
[SourceVersionDate "2023.10.10"]
[SourceQuality "1"]

1. e4 c5 2. Ne2 e6 3. g3 d5 4. Bg2 dxe4 5. Nbc3 Bd7 6. 0-0 Nf6 7. Nxe4 Nxe4 8. Bxe4 Bc6 9. d3 Be7 10. Bf4 0-0 11. c3 Bxe4 12. dxe4 Qb6 13. Qb3 Qc6 14. Qc2 Nd7 15. Rfd1 Rfd8 16. a4 a6 17. a5 c4 18. Qa4 Qxa4 19. Rxa4 Rac8 20. f3 Nc5 21. Rxd8+ Rxd8 22. Rxc4 Nd3 23. b4 g5 24. Rc7 gxf4 25. Rxe7 fxg3 26. hxg3 Rb8 27. Nf4 Kf8 28. Rc7 Ne5 29. Kg2 b6 30. axb6 Rxb6 31. Ra7 Nc6 32. Ra8+ Kg7 33. Nh5+ Kg6 34. g4 a5 35. bxa5 Rb5 36. a6 Ra5 37. Kg3 Ne5 38. a7 Kh6 39. f4 Nxg4 40. Kxg4 f5+ 41. exf5 exf5+ 42. Kh4 Ra1 0-1

[Event "Titled Tuesday intern op 19th Sep Early"]
[Site "Chess.com INT"]
[Date "2023.09.19"]
[Round "5"]
[White "Tulchynskyi, Feliks"]
[Black "Muskardin, Mario"]
[Result "0-1"]
[WhiteElo "2228"]
[BlackElo "2391"]
[PlyCount "104"]
[EventDate "2023.09.19"]
[EventType "swiss (blitz)"]
[EventRounds "11"]
[EventCountry "USA"]
[SourceTitle "EXT 2024"]
[Source "ChessBase"]
[SourceDate "2023.10.10"]
[SourceVersion "1"]
[SourceVersionDate "2023.10.10"]
[SourceQuality "1"]

1. Nf3 Nf6 2. b3 e6 3. Bb2 d5 4. g3 c5 5. Bg2 Nc6 6. 0-0 Bd6 7. d4 0-0 8. c4 cxd4 9. Nxd4 Nxd4 10. Qxd4 e5 11. Qh4 d4 12. e3 dxe3 13. fxe3 Ng4 14. Qxd8 Rxd8 15. Rd1 Nxe3 16. Rd2 Bf5 17. Nc3 Bc5 18. Rxd8+ Rxd8 19. Kh1 Nxg2 20. Na4 Rd2 21. Bc3 Rc2 22. Nxc5 b6 23. Rd1 h5 24. Rd8+ Kh7 25. Rd2 Rxc3 26. Na4 Rc2 27. Rxc2 Bxc2 28. Kxg2 f5 29. Nc3 Kg6 30. Nb5 a5 31. Kf2 Kf6 32. Ke3 g5 33. Nc7 f4+ 34. Kd2 Be4 35. Ke1 Bc6 36. Kf2 e4 37. a3 e3+ 38. Ke2 Ke5 39. b4 axb4 40. axb4 Ke4 41. gxf4 gxf4 42. c5 f3+ 43. Ke1 bxc5 44. bxc5 Bd7 45. Kf1 Bh3+ 46. Ke1 f2+ 47. Kd1 f1Q+ 48. Kc2 Qd3+ 49. Kb2 e2 50. Ne8 Qb5+ 51. Ka2 Be6+ 52. Ka3 Qb3# 0-1

[Event "Speed Chess Q2 Sw"]
[Site "Chess.com INT"]
[Date "2023.08.23"]
[Round "3"]
[White "Kacprzak, Karol1"]
[Black "Muskardin, Mario"]
[Result "1-0"]
[WhiteElo "2315"]
[BlackElo "2391"]
[PlyCount "67"]
[EventDate "2023.08.23"]
[EventType "swiss (blitz)"]
[EventRounds "14"]
[EventCountry "USA"]
[SourceTitle "CBM 215 Extra"]
[Source "ChessBase"]
[SourceDate "2023.09.30"]
[SourceVersion "1"]
[SourceVersionDate "2023.09.30"]
[SourceQuality "1"]

1. Nf3 Nf6 2. c4 e6 3. g3 d5 4. Bg2 b6 5. 0-0 Bb7 6. b3 Be7 7. Bb2 0-0 8. e3 c5 9. d3 Nc6 10. Qe2 Qc7 11. Nc3 a6 12. Rac1 Rac8 13. Rfd1 Rfd8 14. a3 h6 15. h3 d4 16. exd4 Nxd4 17. Nxd4 cxd4 18. Ne4 a5 19. Re1 Nxe4 20. Bxe4 Bc5 21. Qh5 Re8 22. Rc2 f5 23. Bxf5 exf5 24. Rxe8+ Rxe8 25. Qxe8+ Kh7 26. Re2 f4 27. Qe5 Qxe5 28. Rxe5 fxg3 29. fxg3 Bd6 30. Re6 Bc5 31. b4 axb4 32. axb4 Bxb4 33. Rxb6 Bc3 34. Rxb7 1-0